A PRACTICAL BOOK OF PHARMACUTICAL CHEMISTRY (Record no. 8513)

MARC details
000 -LEADER
fixed length control field 00457nam a22001697a 4500
005 - DATE AND TIME OF LATEST TRANSACTION
control field 20240312125157.0
008 - FIXED-LENGTH DATA ELEMENTS--GENERAL INFORMATION
fixed length control field 240312b |||||||| |||| 00| 0 eng d
020 ## - INTERNATIONAL STANDARD BOOK NUMBER
ISBN 9789395685375
041 ## - LANGUAGE CODE
Language code of text/sound track or separate title eng
100 ## - MAIN ENTRY--AUTHOR NAME
Personal name NAYAK ,Dr. GOVIND AND SINGHAI , Dr. A. K
245 ## - TITLE STATEMENT
Title A PRACTICAL BOOK OF PHARMACUTICAL CHEMISTRY
250 ## - EDITION STATEMENT
Edition statement 1st1 ed.
260 ## - PUBLICATION, DISTRIBUTION, ETC. (IMPRINT)
Place of publication MEERUT
Name of publisher SHREE SAI PRAKASHAN
Year of publication 2024-2025
300 ## - PHYSICAL DESCRIPTION
Number of Pages 120;P
650 ## - SUBJECT ADDED ENTRY--TOPICAL TERM
Topical Term PHARMACY
942 ## - ADDED ENTRY ELEMENTS (KOHA)
Koha item type Books
Holdings
Lost status Damaged status Collection code Home library Current library Shelving location Date acquired Source of acquisition Cost, normal purchase price Accession Number Koha item type
    PHARMACY JRU Library JRU Library Shelf - 27- I 12/03/2024 DONATED 120.00 0036/D Books